Contries with A - Statistics

General Stats
  • This quiz has been taken 30 times
  • The average score is 8 of 11
Answer Stats
Hint Answer % Correct
A Andorra
81%
A Angola
81%
A Australia
81%
A Austria
77%
A Afghanistan
69%
A Albania
65%
A Algeria
65%
A Armenia
65%
A Azerbaijan
65%
A Argentina
58%
A Antigua and Barbuda
50%
No matching quizzes found
Score Distribution
Percent of People with Each Score
Percentile by Number Answered
Your Score History
You have not taken this quiz